Organizované podujatia v mestskom cestovnom ruchu

Mestský cestovný ruch predstavuje každú formu pobytu návštevníkov v meste, ktorého hlavným cieľom je zážitok. Oslovovanie cieľových skupín návštevníkov. Organizovanie podujatí. Marketing podujatia.

Saved in:
Bibliographic Details
Main Author: Gúčik, Marián
Format: Book Chapter
Language:Slovak
Subjects:
Tags: Add Tag
No Tags, Be the first to tag this record!

MARC

LEADER 00000naa a2200000 4500
001 r041558
005 20230724110451.1
041 0 |a slo 
044 |a SK 
245 1 0 |a Organizované podujatia v mestskom cestovnom ruchu  |c Marian Gúčik 
520 |a Mestský cestovný ruch predstavuje každú formu pobytu návštevníkov v meste, ktorého hlavným cieľom je zážitok. Oslovovanie cieľových skupín návštevníkov. Organizovanie podujatí. Marketing podujatia. 
610 2 0 |a ruch cestovný mestský 
610 2 0 |a turistika 
610 2 0 |a mestá 
610 2 0 |a Slovensko 
610 2 0 |a marketing 
610 2 0 |a produkty 
100 1 |a Gúčik, Marián